Eculizumab for atypical hemolytic-uremic syndrome
Saved in:
| Main Authors: | , , , , , , , , , , |
|---|---|
| Format: | Article (Journal) Editorial |
| Language: | English |
| Published: |
January 29, 2009
|
| In: |
The New England journal of medicine
Year: 2009, Volume: 360, Issue: 5, Pages: 542-544 |
| ISSN: | 1533-4406 |
| DOI: | 10.1056/NEJMc0808527 |
| Online Access: | Verlag, lizenzpflichtig, Volltext: https://doi.org/10.1056/NEJMc0808527 Verlag, lizenzpflichtig, Volltext: https://www.nejm.org/doi/full/10.1056/NEJMc0808527 |
| Author Notes: | Jens Nürnberger, Thomas Philipp, Oliver Witzke, Anabelle Opazo Saez, Udo Vester, Hideo Andreas Baba, Andreas Kribben, Lothar Bernd Zimmerhackl, Andreas R. Janecke, Mato Nagel, Michael Kirschfink |
MARC
| LEADER | 00000caa a22000002c 4500 | ||
|---|---|---|---|
| 001 | 1760802425 | ||
| 003 | DE-627 | ||
| 005 | 20220819233949.0 | ||
| 007 | cr uuu---uuuuu | ||
| 008 | 210618s2009 xx |||||o 00| ||eng c | ||
| 024 | 7 | |a 10.1056/NEJMc0808527 |2 doi | |
| 035 | |a (DE-627)1760802425 | ||
| 035 | |a (DE-599)KXP1760802425 | ||
| 035 | |a (OCoLC)1341416709 | ||
| 040 | |a DE-627 |b ger |c DE-627 |e rda | ||
| 041 | |a eng | ||
| 084 | |a 33 |2 sdnb | ||
| 100 | 1 | |a Nürnberger, Jens |d 1969- |e VerfasserIn |0 (DE-588)121691098 |0 (DE-627)081470525 |0 (DE-576)292832451 |4 aut | |
| 245 | 1 | 0 | |a Eculizumab for atypical hemolytic-uremic syndrome |c Jens Nürnberger, Thomas Philipp, Oliver Witzke, Anabelle Opazo Saez, Udo Vester, Hideo Andreas Baba, Andreas Kribben, Lothar Bernd Zimmerhackl, Andreas R. Janecke, Mato Nagel, Michael Kirschfink |
| 264 | 1 | |c January 29, 2009 | |
| 300 | |a 3 | ||
| 336 | |a Text |b txt |2 rdacontent | ||
| 337 | |a Computermedien |b c |2 rdamedia | ||
| 338 | |a Online-Ressource |b cr |2 rdacarrier | ||
| 500 | |a Gesehen am 18.06.2021 | ||
| 650 | 4 | |a Adult | |
| 650 | 4 | |a Antibodies, Monoclonal | |
| 650 | 4 | |a Antibodies, Monoclonal, Humanized | |
| 650 | 4 | |a Complement C3b Inactivator Proteins | |
| 650 | 4 | |a Complement C5 | |
| 650 | 4 | |a Complement Factor H | |
| 650 | 4 | |a Female | |
| 650 | 4 | |a Hemolytic-Uremic Syndrome | |
| 650 | 4 | |a Humans | |
| 650 | 4 | |a Immunologic Factors | |
| 650 | 4 | |a Kidney | |
| 650 | 4 | |a Kidney Failure, Chronic | |
| 650 | 4 | |a Kidney Transplantation | |
| 650 | 4 | |a Mutation, Missense | |
| 650 | 4 | |a Recurrence | |
| 650 | 4 | |a Sequence Deletion | |
| 700 | 1 | |a Philipp, Thomas |e VerfasserIn |4 aut | |
| 700 | 1 | |a Witzke, Oliver |e VerfasserIn |4 aut | |
| 700 | 1 | |a Opazo Saez, Anabelle |e VerfasserIn |4 aut | |
| 700 | 1 | |a Vester, Udo |e VerfasserIn |4 aut | |
| 700 | 1 | |a Baba, Hideo Andreas |e VerfasserIn |4 aut | |
| 700 | 1 | |a Kribben, Andreas |e VerfasserIn |4 aut | |
| 700 | 1 | |a Zimmerhackl, Lothar Bernd |e VerfasserIn |4 aut | |
| 700 | 1 | |a Janecke, Andreas R. |e VerfasserIn |4 aut | |
| 700 | 1 | |a Nagel, Mato |e VerfasserIn |4 aut | |
| 700 | 1 | |a Kirschfink, Michael |e VerfasserIn |0 (DE-588)120927152 |0 (DE-627)080974457 |0 (DE-576)292452411 |4 aut | |
| 773 | 0 | 8 | |i Enthalten in |t The New England journal of medicine |d Waltham, Mass. : MMS, 1928 |g 360(2009), 5, Seite 542-544 |h Online-Ressource |w (DE-627)266889484 |w (DE-600)1468837-2 |w (DE-576)075962454 |x 1533-4406 |7 nnas |a Eculizumab for atypical hemolytic-uremic syndrome |
| 773 | 1 | 8 | |g volume:360 |g year:2009 |g number:5 |g pages:542-544 |g extent:3 |a Eculizumab for atypical hemolytic-uremic syndrome |
| 856 | 4 | 0 | |u https://doi.org/10.1056/NEJMc0808527 |x Verlag |x Resolving-System |z lizenzpflichtig |3 Volltext |
| 856 | 4 | 0 | |u https://www.nejm.org/doi/full/10.1056/NEJMc0808527 |x Verlag |z lizenzpflichtig |3 Volltext |
| 951 | |a AR | ||
| 992 | |a 20210618 | ||
| 993 | |a Editorial | ||
| 994 | |a 2009 | ||
| 998 | |g 120927152 |a Kirschfink, Michael |m 120927152:Kirschfink, Michael |d 910000 |d 911600 |e 910000PK120927152 |e 911600PK120927152 |k 0/910000/ |k 1/910000/911600/ |p 11 |y j | ||
| 999 | |a KXP-PPN1760802425 |e 3939408042 | ||
| BIB | |a Y | ||
| SER | |a journal | ||
| JSO | |a {"id":{"eki":["1760802425"],"doi":["10.1056/NEJMc0808527"]},"note":["Gesehen am 18.06.2021"],"type":{"bibl":"article-journal","media":"Online-Ressource"},"person":[{"display":"Nürnberger, Jens","family":"Nürnberger","given":"Jens","role":"aut"},{"display":"Philipp, Thomas","given":"Thomas","family":"Philipp","role":"aut"},{"family":"Witzke","given":"Oliver","role":"aut","display":"Witzke, Oliver"},{"family":"Opazo Saez","given":"Anabelle","role":"aut","display":"Opazo Saez, Anabelle"},{"family":"Vester","given":"Udo","role":"aut","display":"Vester, Udo"},{"display":"Baba, Hideo Andreas","role":"aut","family":"Baba","given":"Hideo Andreas"},{"role":"aut","family":"Kribben","given":"Andreas","display":"Kribben, Andreas"},{"display":"Zimmerhackl, Lothar Bernd","given":"Lothar Bernd","family":"Zimmerhackl","role":"aut"},{"display":"Janecke, Andreas R.","role":"aut","family":"Janecke","given":"Andreas R."},{"role":"aut","family":"Nagel","given":"Mato","display":"Nagel, Mato"},{"display":"Kirschfink, Michael","given":"Michael","family":"Kirschfink","role":"aut"}],"origin":[{"dateIssuedKey":"2009","dateIssuedDisp":"January 29, 2009"}],"physDesc":[{"extent":"3 S."}],"title":[{"title":"Eculizumab for atypical hemolytic-uremic syndrome","title_sort":"Eculizumab for atypical hemolytic-uremic syndrome"}],"relHost":[{"pubHistory":["198.1928 -"],"note":["Gesehen am 04.08.25"],"name":{"displayForm":["Massachusetts Medical Society"]},"recId":"266889484","titleAlt":[{"title":"NEJM"}],"physDesc":[{"extent":"Online-Ressource"}],"disp":"Eculizumab for atypical hemolytic-uremic syndromeThe New England journal of medicine","type":{"bibl":"periodical","media":"Online-Ressource"},"origin":[{"publisherPlace":"Waltham, Mass. ; Boston, Mass.","dateIssuedDisp":"1928-","publisher":"MMS ; MMS","dateIssuedKey":"1928"}],"corporate":[{"display":"Massachusetts Medical Society","role":"isb"}],"id":{"zdb":["1468837-2"],"issn":["1533-4406"],"eki":["266889484"]},"part":{"year":"2009","extent":"3","text":"360(2009), 5, Seite 542-544","pages":"542-544","volume":"360","issue":"5"},"language":["eng"],"title":[{"title":"The New England journal of medicine","title_sort":"New England journal of medicine","subtitle":"NEJM"}]}],"language":["eng"],"name":{"displayForm":["Jens Nürnberger, Thomas Philipp, Oliver Witzke, Anabelle Opazo Saez, Udo Vester, Hideo Andreas Baba, Andreas Kribben, Lothar Bernd Zimmerhackl, Andreas R. Janecke, Mato Nagel, Michael Kirschfink"]},"recId":"1760802425"} | ||
| SRT | |a NUERNBERGEECULIZUMAB2920 | ||